Product development for small enterprises / (Record no. 358325)
[ view plain ]
| 000 -LEADER | |
|---|---|
| fixed length control field | 00501nam a2200133Ia 4500 |
| 008 - FIXED-LENGTH DATA ELEMENTS--GENERAL INFORMATION | |
| fixed length control field | 180815s9999 xx 000 0 und d |
| 020 ## - INTERNATIONAL STANDARD BOOK NUMBER | |
| International Standard Book Number | 9789719584223 |
| 100 ## - MAIN ENTRY--PERSONAL NAME | |
| Personal name | Small Enterprises Research and Development Foundation |
| 245 ## - TITLE STATEMENT | |
| Statement of responsibility, etc | Small Enterprises Research and Development Foundation.-- |
| Title | Product development for small enterprises / |
| 260 ## - PUBLICATION, DISTRIBUTION, ETC. (IMPRINT) | |
| Place of publication, distribution, etc | Quezon City : |
| Name of publisher, distributor, etc | University of the Philippines |
| Date of publication, distribution, etc | 2017 |
| 300 ## - PHYSICAL DESCRIPTION | |
| Extent | x, 142 pages. |
| 650 ## - SUBJECT ADDED ENTRY--TOPICAL TERM | |
| Topical term or geographic name as entry element | New product. |
| 650 ## - SUBJECT ADDED ENTRY--TOPICAL TERM | |
| Topical term or geographic name as entry element | Small business -- Philippines. |
| Withdrawn status | Lost status | Damaged status | Home library | Current library | Shelving location | Date acquired | Source of acquisition | Total Checkouts | Full call number | Barcode | Date last seen | Price effective from | Koha item type |
|---|---|---|---|---|---|---|---|---|---|---|---|---|---|
| College Library | College Library | Filipiniana Section | 08/15/2018 | Library Fund | HF 5415.153 .SM635 2017 | C21582 | 08/15/2018 | 08/15/2018 | Books |